00329nam a2200109Ia 4500008004100000041000800041100001700049245006600066260004600132300000900178700003200187250110s9999 xx 000 0 und d aeng aBhagwat Atul aSaftey Issues on Construction Site : A Management Perspective bYCMOU Construction Management, Punec2012 a106p aGuide Name:Gandage Abhijeet